000 00303nam a22001337a 4500
008 170831b xxu||||| |||| 00| 0 eng d
020 _a9780321081025
041 _aeng
080 _214TH
_a070
100 _a40
101 _aMED
245 _aPRINCIPLES OF PUBLIC SPEAKING
_cGERMAN,K
942 _2udc
_cBK
999 _c25780
_d25780